|
|
|
|
| LEADER |
02467nam a22004695i 4500 |
| 001 |
978-88-470-2385-7 |
| 003 |
DE-He213 |
| 005 |
20151204170543.0 |
| 007 |
cr nn 008mamaa |
| 008 |
130531s2011 it | s |||| 0|ita d |
| 020 |
|
|
|a 9788847023857
|9 978-88-470-2385-7
|
| 024 |
7 |
|
|a 10.1007/978-88-470-2385-7
|2 doi
|
| 040 |
|
|
|d GrThAP
|
| 050 |
|
4 |
|a RD651-678
|
| 072 |
|
7 |
|a MNK
|2 bicssc
|
| 072 |
|
7 |
|a MED085000
|2 bisacsh
|
| 072 |
|
7 |
|a MED062000
|2 bisacsh
|
| 082 |
0 |
4 |
|a 616.994
|2 23
|
| 100 |
1 |
|
|a Mussa, Antonio.
|e author.
|
| 245 |
1 |
0 |
|a Nuove tecnologie chirurgiche in oncologia
|h [electronic resource] /
|c by Antonio Mussa, Sergio Sandrucci.
|
| 264 |
|
1 |
|a Milano :
|b Springer Milan :
|b Imprint: Springer,
|c 2011.
|
| 300 |
|
|
|a XV, 174 pagg.
|b online resource.
|
| 336 |
|
|
|a text
|b txt
|2 rdacontent
|
| 337 |
|
|
|a computer
|b c
|2 rdamedia
|
| 338 |
|
|
|a online resource
|b cr
|2 rdacarrier
|
| 347 |
|
|
|a text file
|b PDF
|2 rda
|
| 520 |
|
|
|a I chirurghi oncologici nella loro pratica clinica quotidiana spesso sono chiamati ad affrontare situazioni particolari o molto complesse che devono quindi essere in grado di individuare e di saper gestire. L’aggiornamento qui offerto sulle più recenti evoluzioni tecniche in chirurgia oncologica è necessario per raggiungere i migliori risultati possibili in termini di remissione e di qualità della vita del paziente. L’introduzione delle nuove tecniche presentate nel volume è fondamentale per superare i limiti imposti dalle procedure standard. Nuove tecnologie chirurgiche in oncologia è un efficace strumento di aggiornamento che copre tutte le opzioni terapeutiche nel trattamento delle neoplasie e sottolinea la centralità del coordinamento interdisciplinare nella cura delle patologie oncologiche. Chirurghi, oncologi, radiologi, chirurghi estetici e personale infermieristico sono chiamati a lavorare in squadra e ad adottare un approccio integrato alla cura del paziente.
|
| 650 |
|
0 |
|a Medicine.
|
| 650 |
|
0 |
|a Oncology.
|
| 650 |
|
0 |
|a Surgery.
|
| 650 |
|
0 |
|a Surgical oncology.
|
| 650 |
1 |
4 |
|a Medicine & Public Health.
|
| 650 |
2 |
4 |
|a Surgical Oncology.
|
| 650 |
2 |
4 |
|a Oncology.
|
| 650 |
2 |
4 |
|a Surgery.
|
| 700 |
1 |
|
|a Sandrucci, Sergio.
|e author.
|
| 710 |
2 |
|
|a SpringerLink (Online service)
|
| 773 |
0 |
|
|t Springer eBooks
|
| 776 |
0 |
8 |
|i Printed edition:
|z 9788847023840
|
| 856 |
4 |
0 |
|u http://dx.doi.org/10.1007/978-88-470-2385-7
|z Full Text via HEAL-Link
|
| 912 |
|
|
|a ZDB-2-SME
|
| 950 |
|
|
|a Medicine (Springer-11650)
|